Statystyki dla Waluty Świata

Kliknij tutaj aby rozwiązać quiz!

Ogólne statystyki

  • Ten quiz został rozwiązany 39 razy
    (36 od ostatniego zresetowania)
  • Średni wynik to 19 z 71

Statystyki odpowiedzi

Państwo/PaństwaWaluta% Poprawnych
Większość państw należących do Unii EuropejskiejEuro
100%
Fidżi, Trynidad i Tobago, Stany Zjednoczone, Australia, Bahamy +Dolar
90%
PolskaZłoty
87%
Wielka Brytanie, Egipt, Sudan, Liban, Syria +Funt
77%
Rosja, BiałoruśRubel
77%
JaponiaJen
74%
Czechy, Dania, Islandia, Norwegia, SzwecjaKorona
68%
Argentyna, Chile, Urugwaj, Kuba, Dominikana +Peso
68%
WęgryForint
61%
Dżibuti, Komory, Szwajcaria, Kongo, Rwanda +Frank
61%
BułgariaLew
61%
Algieria, Bahrajn, Irak, Jordania, Kuwejt +Dinar
55%
Mołdawia, RumuniaLej
52%
Macedonia PółnocnaDenar
48%
TurcjaLira
48%
Iran, Jemen, Katar, Oman, Arabia Saudyjska +Rial
48%
UkrainaHrywna
45%
WenezuelaBoliwar
42%
Mauritius, Indonezja, Indie, Sri Lanka, Nepal +Rupia
42%
BrazyliaReal
39%
IzraelSzekel
39%
AlbaniaLek
32%
KambodżaRiel
32%
TajlandiaBat
29%
WietnamDong
29%
Korea PołudniowaWon
29%
Maroko, Zjednoczone Emiraty ArabskieDirham
23%
Bośnia i HercegowinaMarka Zamienna
23%
AfganistanAfgani
16%
Wyspy Zielonego PrzylądkaEscudo
16%
Republika Południowej AfrykiRand
16%
Kenia, Somalia, Tanzania, UgandaSzyling
16%
PanamaBalboa
13%
GruzjaLari
13%
Azerbejdżan, TurkmenistanManat
13%
ChinyRenminbi
13%
PeruSol
13%
UzbekistanSum
13%
SamoaTala
13%
Kostaryka, SalwadorColon
10%
ArmeniaDram
10%
Papua Nowa-GwineaKina
10%
LaosKip
10%
NigeriaNaira
10%
BotswanaPula
10%
GwatemalaQuetzal
10%
MalezjaRinggit
10%
KirgistanSom
10%
TadżykistanSomoni
10%
BangladeszTaka
10%
KazachstanTenge
10%
MadagaskarAriary
6%
EtiopiaBirr
6%
BoliwiaBoliviano
6%
GhanaCedi
6%
GambiaDalasi
6%
Wyspy Świętego Tomasza i KsiążęceDobra
6%
HaitiGourde
6%
ParagwajGuarani
6%
MjanmaKiat
6%
Malawi, ZambiaKwacha
6%
AngolaKwanza
6%
HondurasLempira
6%
Sierra LeoneLeone
6%
LesothoLoti
6%
MozambikMetical
6%
BhutanNgultrum
6%
TongaPa'anga
6%
EswatiniLilangeni
3%
MauretaniaUgija
3%
NikaraguaCordoba Oro
0%

Rozkład punktacji

Percentyl według liczby udzielonych odpowiedzi

Procent ludzi z każdym wynikiem

Twoja historia wyników

Nie rozwiązałeś tego quizu od ostatniego zresetowania